Statistics for Geometry Dash - Top 50 Creators on the Creators Leaderboards

Click here to take the quiz!

General Stats

  • This quiz has been taken 51 times
  • The average score is 16 of 50

Answer Stats

Most Famous LevelCreator PointsCreator% Correct
Beginning of Time260ViPriN
93%
Spooky Light195Serponge
74%
Back on Track RM220ZenthicAlpha
74%
Unity83TriAxis
70%
Buck Force87Rob Buck
63%
Moon Adventure199Experience D
56%
Auto Cycles82FunnyGame
56%
Theory of Firepower93TheRealDorami
56%
yStep105TheRealDarnoc
52%
Promises97Adiale
44%
Highscore91Danolex
44%
GoldenClub143Jeyzor
44%
P0RTAL126Minesap
44%
Hydra109Darwin
41%
Findexis Madness 266Findexi
41%
Lunar Ocean131Gelt
41%
Because I loved her93Jayuff
41%
Laser Room77TrueNature
37%
Bitpop107Etzer
33%
Sonar102JerkRat
33%
Reflected109Skitten
33%
UFO Madness139ZelLink
33%
Through Time82Berkoo
30%
Chambers99Sir Hadoken
30%
Adrift64TamaN
30%
Influx73Lemons
26%
Syobon Action71Sweetdude
26%
Flock141Usermatt18
26%
Divine125F3lixsram
22%
Danger Zone64GD Jose
22%
Glitter Madness 2k15135Glittershroom43
22%
Gawne Forever91Izhar
22%
For Science74TrueChaos
22%
Haunting73HaoN
19%
Final Way101Mazl
19%
Revival65Mulpan
19%
Scent71Optical
15%
Exile71Spectex
15%
Stereo Madness v270Sumsar
15%
Gravity Falls110Echonox
11%
Sacred Crescent96Pineapple
11%
Time Technology71Rublock5
11%
Hexagon Adventure124SMBlacktime
11%
Ocean of Dreams70Spu7Nix
11%
Wave Dash66KeiAs
7%
Idols70MrLorenzo
7%
Morph Ray76Xcy7
7%
Adrift81Ghostface
4%
Deadlocked v265IiD4sh3riI
4%
Blender64Godex
0%

Score Distribution

Percentile by Number Answered

Percent of People with Each Score

Your Score History

You have not taken this quiz